AN ASSESSEMENTOF THE EFFECTS OF AUTOMATION ON EFFECTIVENESS OF PROCUREMENT DEPARTMENT: A CASE OF ITUMBE TEA FACTORY (Record no. 198534)

MARC details
000 -LEADER
fixed length control field 00553nam a2200169Ia 4500
003 - CONTROL NUMBER IDENTIFIER
control field OSt
005 - DATE AND TIME OF LATEST TRANSACTION
control field 20250805111521.0
040 ## - CATALOGING SOURCE
Transcribing agency LC
050 ## - LIBRARY OF CONGRESS CALL NUMBER
Classification number RES HD 39.5 .0353 2017
Item number 1
100 ## - MAIN ENTRY--PERSONAL NAME
Personal name OGACHI, ANNAH KWAMBOKA
245 #3 - TITLE STATEMENT
Title AN ASSESSEMENTOF THE EFFECTS OF AUTOMATION ON EFFECTIVENESS OF PROCUREMENT DEPARTMENT: A CASE OF ITUMBE TEA FACTORY
260 ## - PUBLICATION, DISTRIBUTION, ETC.
Place of publication, distribution, etc. KISII UNIVERSITY PRESS,
Name of publisher, distributor, etc. KISII UNIVERSITY PRESS,
Date of publication, distribution, etc. 2017,
300 ## - PHYSICAL DESCRIPTION
Extent X, 33 P,
500 ## - GENERAL NOTE
General note INCLUDES BIBLIOGRAPHICAL REFERENCES
690 ## - LOCAL SUBJECT ADDED ENTRY--TOPICAL TERM (OCLC, RLIN)
Topical term or geographic name as entry element AUTOMATION, PROCUREMENT
942 ## - ADDED ENTRY ELEMENTS (KOHA)
Koha item type Long Loan Book
Source of classification or shelving scheme Dewey Decimal Classification
Suppress in OPAC No
Holdings
Withdrawn status Lost status Source of classification or shelving scheme Damaged status Not for loan Collection Home library Current library Shelving location Date acquired Inventory number Total checkouts Full call number Barcode Date last seen Copy number Price effective from Koha item type
    Library of Congress Classification     Special Research Kisii University Library Kisii University Library On Display 09/15/2023 095340   RES HD 39.5 . O 353 2017 005293 09/15/2023 1 09/15/2023 Reference